000 00424cam a2200181ua 4500
020 _c12.60
041 _aeng
_h
082 _a536
_bEDS/HE
100 _aEdser, Edwin .
245 _aHeat for advanced students /
_cEdwin Edser.
_hTextual Documents
250 _a1 /
_b.
260 _aLondon :
_bMacMillan ,
_c1962.
300 _a458 ; .
365 _a12.60
504 _a
942 _cBK
999 _c1453
_d1453